000 00900nam a22002175i 4500
001 168190
003 ES-MaACL
005 20250717013105.0
008 051005s1871 fr | |||||||| ||fre d
040 _aCAM
_bspa
_cCAM
080 _a821.133.1-31"18"
100 1 _aZola, Émile,
_d1840-1902
_9118331
245 1 3 _aLa fortune des Rougon /
_cpar Émile Zola.
260 _aParis :
_bLibrairie International A. Lacroix, Verboeckhoven et Cie.,
_c1871 (
_fImp. Émile Voitelain et Cie.)
300 _a400 p. ;
_c19 cm.
490 1 _aLes Rougon-Macquart. Histoire naturelle et sociale d'une famille sous le Second Empire ;
_v1
596 _aPie de imp. de la cub. fechado en 1872.
830 0 0 _aLes Rougon-Macquart: histoire naturelle et sociale d'une famille sous le Second Empire
_v1
_9188784
852 _aES-MaACL
_jC-3482
_z-- Legado de M. de la Fuente
999 _c168190
_d168190